| 000 | 00633nam a22002297a 4500 | ||
|---|---|---|---|
| 005 | 20170124110225.0 | ||
| 010 | _aA-291688 | ||
| 020 |
_c00.00 _a0720716578 |
||
| 035 | _aA-291688 | ||
| 037 | _bCen Lib/Ret | ||
| 040 |
_aDPL _bEN |
||
| 082 |
_a643.3 _bKIN |
||
| 100 |
_aKing, Sally _940531 |
||
| 245 |
_aThe Kitchen handbook / _cby Sally King |
||
| 260 |
_aLondon _bPehlam Books _c1986 |
||
| 270 |
_aLondon _bLondon |
||
| 300 |
_a96p. : _c24cm(Hb) _bill. |
||
| 650 |
_aitchens--Remodeling _940532 |
||
| 650 |
_aitchens--Remodeling-Amateurs manual _940533 |
||
| 700 | _939937 | ||
| 942 |
_2ddc _cEN _h643.3 _mKIN |
||
| 999 |
_c134366 _d134366 |
||